| 000 | 00699cam a2200205 a 4500 | ||
|---|---|---|---|
| 001 | 000014376 | ||
| 005 | 20200929163608.0 | ||
| 008 | 500101s1964 ck 000 0 spa d | ||
| 040 |
_aDO-SdBNP _bspa _cBNPHU |
||
| 082 |
_a320.986 _bP438c |
||
| 100 | 1 |
_aPérez, Cleofás _d1966-1970 _932466 |
|
| 245 | 1 | 0 |
_aCrónicas y coloquios / _cBachiller Cleofás Pérez. |
| 260 |
_aBogotá, Colombia : _bEdiciones Tercer Mundo, _c1964. |
||
| 300 |
_a247 p. ; _c21 cm. |
||
| 490 | 1 | _aDocumentos políticos | |
| 651 | 4 |
_aColombia _xPolítica Y Gobierno _932467 |
|
| 650 | 4 |
_aColombia _xPolítica internacional _932468 |
|
| 650 | 4 |
_aColombia _xCondiciones económicas _932469 |
|
| 830 | 0 |
_aDocumentos políticos. _930638 |
|
| 999 |
_c13968 _d13968 |
||